WWE Women's Tag Team Champions - Statistics

General Stats
  • This quiz has been taken 2,641 times
    162 since last reset
  • The average score is 45 of 56
Answer Stats
Reigns Last Won Champion % Correct
1 2026 Nia Jax
95%
2 2021 Nia Jax
95%
1 2025 Alexa Bliss
94%
1 2022 Alexa Bliss
94%
2 2020 Alexa Bliss
94%
1 2026 Iyo Sky
93%
2 2022 Iyo Sky
93%
4 2025 Liv Morgan
93%
3 2025 Asuka
92%
2 2020 Bayley
92%
1 2026 Brie Bella
92%
1 2025 Charlotte Flair
92%
1 2020 Charlotte Flair
92%
1 2026 Lash Legend
92%
1 2026 Paige
92%
1 2026 Rhea Ripley
92%
1 2021 Rhea Ripley
92%
1 2022 Asuka
91%
1 2020 Asuka
91%
4 2025 Raquel Rodriguez
91%
1 2022 Raquel Rodriguez
91%
2 2020 Nikki Cross
90%
3 2025 Kairi Sane
89%
1 2025 Becky Lynch
87%
1 2023 Becky Lynch
87%
1 2024 Naomi
87%
1 2022 Naomi
87%
1 2022 Sasha Banks
87%
2 2020 Sasha Banks
87%
2 2022 Dakota Kai
85%
1 2024 Bianca Belair
84%
2 2024 Bianca Belair
84%
1 2025 Roxanne Perez
82%
2 2024 Jade Cargill
81%
2 2021 Shayna Baszler
77%
1 2025 Lyra Valkyria
76%
1 2021 Nikki A.S.H.
76%
1 2021 Natalya
73%
1 2023 Lita
71%
1 2025 Raquel Rodriguez
71%
1 2023 Ronda Rousey
71%
1 2021 Tamina
71%
1 2023 Chelsea Green
68%
1 2023 Chelsea Green
68%
1 2023 Piper Niven
68%
1 2024 Alba Fyre
66%
1 2023 Shayna Baszler
66%
1 2019 Billie Kay
65%
1 2021 Carmella
65%
1 2019 Peyton Royce
65%
1 2023 Sonya Deville
62%
1 2021 Queen Zelina
61%
1 2024 Isla Dawn
58%
1 2023 Kayden Carter
52%
1 2023 Katana Chance
51%
1 2022 Aliyah
50%
No matching quizzes found
Score Distribution
Percent of People with Each Score
Percentile by Number Answered
Your Score History
You have not taken this quiz since the last reset